15 in 15: Countries of the Americas Quiz Stats

 Plays Quiz Updated Sep 4, 2019

Score 0/15 Timer 00:15
22 Plays Today
% Correct
Mexico
76.2%
Cuba
73.8%
Brazil
70.5%
Venezuela
70.3%
Jamaica
69.6%
Nicaragua
68.8%
Peru
68.1%
Dominica
67.7%
% Correct
Canada
67.6%
Haiti
67.2%
Belize
66.4%
Bolivia
66.2%
Uruguay
65.4%
Grenada
57.8%
Suriname
53.5%

You're not logged in!

Compare scores with friends on all Sporcle quizzes.
OR
Log In

Sporcle TV

Today on Sporcle TV


Watch our educational content, quiz creation guides, and fun videos on Sporcle TV.

Show Comments

Extras

Top Quizzes Today


Score Distribution

Your Account Isn't Verified!

In order to create a playlist on Sporcle, you need to verify the email address you used during registration. Go to your Sporcle Settings to finish the process.

Report this User

Report this user for behavior that violates our Community Guidelines.

Details: